| 000 | 01328nam a2200277 i 4500 | ||
|---|---|---|---|
| 001 | 182598 | ||
| 003 | ES-MaACL | ||
| 005 | 20240514173400.0 | ||
| 008 | 131001s1871 sp a | |||||||| | spa d | ||
| 080 | _a908(729.1)"18" | ||
| 080 | _a908(729.5)"18" | ||
| 100 | 1 |
_aPezuela, Jacobo de la. _9131083 |
|
| 245 | 1 | 0 |
_aCrónica de las Antillas / _cpor Jacobo de la Pezuela. |
| 260 |
_aMadrid : _bRubio, Grilo y Vitturi, _c1871. |
||
| 300 |
_a231 p., [12] h. de lám., [2] h. de mapas : _bil. ; _c32 cm. |
||
| 490 | 1 | _aCrónica general de España o sea historia ilustrada y descriptiva de sus provincias, sus poblaciones más importantes de la península y de ultramar | |
| 530 | _aDisponible también en sitio web. | ||
| 651 | 4 |
_aCuba- _xDescripción. _98092 |
|
| 651 | 4 |
_aCuba- _xHistoria. _98094 |
|
| 651 | 4 |
_aPuerto Rico- _xHistoria. _99280 |
|
| 651 | 4 |
_aPuerto Rico- _xDescripción. _99279 |
|
| 830 | 0 |
_aCrónica general de España, o sea Historia ilustrada y descriptiva de sus provincias, sus poblaciones más importantes de la península y posesiones de Ultramar _9224862 |
|
| 852 |
_aES-MaACL _jC-1578(1) _z.- Encuadernado con otras obras |
||
| 856 | 4 | 1 |
_uhttp://bibliotecadigitalhispanica.bne.es:80/webclient/DeliveryManager?pid=1883691&custom_att_2=simple_viewer _zIr a la página |
| 999 |
_c182598 _d182598 |
||